|
|
|
|
| LEADER |
02311nam a2200565 i 4500 |
| 001 |
001486730 |
| 003 |
CZ BrMZK |
| 005 |
20171024112320.0 |
| 006 |
m q d |
| 007 |
co cg |
| 008 |
150903s2015 xr a eq 000 0 cze |
| 015 |
|
|
|a cnb002732821
|
| 020 |
|
|
|a 978-80-7314-327-5
|q (CDR)
|
| 040 |
|
|
|a BOA001
|b cze
|e rda
|
| 072 |
|
7 |
|a 519
|x Kombinatorika. Teorie grafů. Matematická statistika. Operační výzkum. Matematické modelování
|2 Konspekt
|9 13
|
| 072 |
|
7 |
|a 37.016
|x Učební osnovy. Vyučovací předměty. Učebnice
|2 Konspekt
|9 22
|
| 080 |
|
|
|a 33
|2 MRF
|
| 080 |
|
|
|a 51-7
|2 MRF
|
| 080 |
|
|
|a 519.8
|2 MRF
|
| 080 |
|
|
|a 519.852
|2 MRF
|
| 080 |
|
|
|a (075.8)
|2 MRF
|
| 080 |
|
|
|a (075.8)
|2 MRF
|
| 080 |
|
|
|a (0.034.44)
|2 MRF
|
| 100 |
1 |
|
|a Dostál, Petr,
|d 1954-
|7 mzk2005279485
|4 aut
|
| 245 |
1 |
0 |
|a Ekonomicko-matematické metody I. :
|b úvod do lineárního programování /
|c Petr Dostál, Věra Matuštíková, Iva Jevčáková, Pavel Kovařík
|
| 246 |
3 |
0 |
|a Úvod do lineárního programování
|
| 264 |
|
1 |
|a Kunovice :
|b Evropský polytechnický institut, s.r.o.,
|c 2015
|
| 300 |
|
|
|a 1 CD-ROM (75 stran) :
|b ilustrace (některé barevné) ;
|c 12 cm
|
| 336 |
|
|
|a text
|b txt
|2 rdacontent
|
| 337 |
|
|
|a počítač
|b c
|2 rdamedia
|
| 338 |
|
|
|a počítačový disk
|b cd
|2 rdacarrier
|
| 347 |
|
|
|a textový soubor
|b PDF
|2 rda
|
| 500 |
|
|
|a Název z disku
|
| 500 |
|
|
|a Nad názvem: Evropský polytechnický institut, s.r.o., 1. soukromá vysoká škola na Moravě, Kunovice
|
| 500 |
|
|
|a Podnázev z titulní stránky souboru PDF
|
| 504 |
|
|
|a Obsahuje bibliografii
|
| 650 |
0 |
7 |
|a ekonomie
|7 ph114430
|2 czenas
|
| 650 |
0 |
7 |
|a matematické metody
|7 ph229474
|2 czenas
|
| 650 |
0 |
7 |
|a operační výzkum
|7 ph115594
|2 czenas
|
| 650 |
0 |
7 |
|a lineární programování
|7 ph122356
|2 czenas
|
| 655 |
|
7 |
|a učebnice vysokých škol
|7 fd133772
|2 czenas
|
| 655 |
|
7 |
|a CD-ROM
|2 czenas
|
| 700 |
1 |
|
|a Matuštíková, Věra
|7 mzk2005289857
|4 aut
|
| 700 |
1 |
|
|a Jevčáková, Iva
|7 mzk2012684267
|4 aut
|
| 700 |
1 |
|
|a Kovařík, Pavel
|7 mzk2011624863
|4 aut
|
| 710 |
2 |
|
|a Evropský polytechnický institut
|7 kn20031015009
|4 isb
|
| 856 |
4 |
1 |
|u http://www.digitalniknihovna.cz/mzk/view/uuid:cb5abda1-1bd8-4218-aa85-a0e53fd1cdac
|y Digitalizovaný dokument
|
| 910 |
|
|
|a BOA001
|b CDR-1353.264
|
| 990 |
|
|
|a BK
|
| 991 |
|
|
|b 201511
|c NOV
|